| 000 | 00540cam a22002291 4500 | ||
|---|---|---|---|
| 001 | 10226122 | ||
| 005 | 20180222045030.0 | ||
| 008 | 750717s1948 xx 000 0 eng | ||
| 010 | _a 48010692 | ||
| 035 | _a(OCoLC)1456094 | ||
| 040 |
_aDLC _cFM _dOClW-H _dDLC |
||
| 041 | _aeng | ||
| 042 | _apremarc | ||
| 080 | _a641.1 | ||
| 082 | _a641.1 SHE | ||
| 100 | 1 | _a10 | |
| 101 | _aSHU | ||
| 245 | 1 | 0 | _aFood products. |
| 504 | _aIncludes bibliographies. | ||
| 906 |
_a7 _bcbc _coclcrpl _du _encip _f19 _gy-gencatlg |
||
| 942 |
_2ddc _cBK |
||
| 999 |
_c43159 _d43159 |
||